Marketingový výskum v online marketingovom prostredí

Na minha lista:
Detalhes bibliográficos
Autor principal: Mucha, Martin
Formato: Capítulo de Livro
Idioma:eslovaco
Tags: Adicionar Tag
Sem tags, seja o primeiro a adicionar uma tag!

MARC

LEADER 00000nla a2200000 4500
001 0239253
005 20240502073856.7
041 0 |a slo 
044 |a SK 
245 1 0 |a Marketingový výskum v online marketingovom prostredí  |c Martin Mucha 
500 |a Abstrakt 
100 1 |a Mucha, Martin